主要キャラの苗字の頭文字からアニメ当てクイズ - Statistics

General Stats
  • This quiz has been taken 22 times
    12 since last reset
  • The average score is 9 of 22
Answer Stats
名字 アニメ 名前 % Correct
錦・井 リコリス・リコイル 錦木、井ノ上
70%
泉・柊・柊・高 らき☆すた 泉、柊、高良
70%
平・田・秋・琴・中 けいおん! 平沢、田井中、秋山、琴吹、中野
60%
志・各・大・犬・斉 ゆるキャン△ 志摩、各務原、大垣、犬山、斉藤
60%
梓・桜・古・双・豊・梓・牧 青春ブタ野郎はバニーガール先輩の夢を見ない 梓川、桜島、古賀、双葉、豊浜、牧之原
60%
後・伊・山・喜 ぼっち・ざ・ろっく! 後藤、伊地知、山田、喜多
60%
鹿・暁・巴・美・佐 魔法少女まどか☆マギカ 鹿目、暁美、巴、美樹、佐倉
60%
保・香・天・宇・桐・条・奈 ご注文はうさぎですか? 保登、香風、天々座、宇治松、桐間、条河、奈津
50%
富・小・丹・五・凸 中二病でも恋がしたい! 富樫、小鳥遊、丹生谷、五月七日、凸守
50%
前・竜・園・北・古 ひぐらしのなく頃に 前原、竜宮、園崎、北条、古手
40%
御・白・初・佐 とある科学の超電磁砲 御坂、白井、初春、佐天
40%
宮・一・越・越 のんのんびより 宮内、一条、越谷
40%
赤・歳・船・吉 ゆるゆり 赤座、歳納、船見、吉川
40%
星・星・白・姫・種・小 私に天使が舞い降りた! 星野、白咲、姫坂、種村、小之森、
30%
丈・恵・若・直・佐 がっこうぐらし! 丈槍、恵飛須沢、若狭、直樹、佐倉
30%
緒・緒・穂・桜・室 お兄ちゃんはおしまい! 緒山、穂月、桜花、室崎
20%
野・櫟・日 ゆゆ式 野々原、櫟井、日向
20%
土・海・本・橘 干物妹!うまるちゃん 土間、海老名、本場、橘
20%
愛・花・院・好・栄・薬・花・原・銘・須・美・華・伊・大・優・茂・薬・土・毛・中・女・盆・灰・一・火・猫・才・出・宇・雪・輩・根・端・守・双・慈 君のことが大大大大大好きな100人の彼女 愛城、花園、院田、好本、栄逢、薬膳、原賀、銘戸、須藤、美杉、華暮、伊院、大和、優敷、茂見、土呂瀞、毛樽井、中二、女井戸、盆能寺、灰尾、一二三、火保、猫、才奇、出井、宇佐美、雪房田、輩、根向井、端須、守北、双天、慈相
20%
山・野・友・大・野 GA 芸術科アートデザインクラス 山口、野田、友兼、大道、野崎
20%
蕪・防・波・空・暗 じょしらく 蕪羅亭、防波亭、浮浪浮亭、空琉美遊亭、暗落亭
10%
宿・本・安・松・鶴・久 あの日見た花の名前を僕達はまだ知らない。 宿海、本間、安城、松雪、鶴見、久川
10%
No matching quizzes found
Score Distribution
Percent of People with Each Score
Percentile by Number Answered
Your Score History
You have not taken this quiz since the last reset